Представление документа в формате MARC21

Поле Инд. ПП Название Значение
Тип записи a
Библиографический уровень m
001 Контрольный номер 2dafde96-9664-41e2-b001-072fdce2a30b
005 Дата корректировки 20140703123850.2
008 Кодируемые данные 040209
020 a ISBN 5-94057-098-4
c Цена, тираж 18.00
040 a Служба первич. каталог. НБ ТвГУ
041 a Код языка текста rus
080 a Индекс УДК 510.57
084 a Индекс другой классификации/Индекс ББК В127
090 x Авторский знак М30
a Полочн. индекс В127
100 1_ a Автор Марченков Сергей Серафимович
245 00 a Заглавие Элементарные рекурсивные функции
c Ответственность С. С. Марченков
260 0_ a Место издания Москва
b Издательство Московский центр непрерывного математического образования
c Дата издания 2003
300 a Объем 111,[1] с.
504 a Библиография Библиогр.: с.109-111.
a Библиография Предм. указ.: с.112
583 a Действие Получение впервые 61 06.02.2004
k Исполнитель действия дар читателя
583 a Действие Приписка 67 1.03.2006
k Исполнитель действия Дар РГГУ
650 a Основная рубрика Функции вычислимые
653 a Ключевые слова Функции
a Ключевые слова Элементарные функции
a Ключевые слова Рекурсивные функции
a Ключевые слова Вычислимые функции
852 t Порядковый номер экземпляра 2
p Инвентарный номер 776987
p Инвентарный номер 834860 25.00
863 t 10690000002311
863 t 00112424
888 a бесплатно
952 p 61.2004 18.00 1 776987
p 67.2006 25.00 1 834860
c Вид литературы К рн
954 a Дата поступления на обработку 20040211
999 a Подразделение 2 Фил3